000 00942nam a22002297a 4500
003 OSt
005 20260414045439.0
008 260414b |||||||| |||| 00| 0 eng d
020 _a0786837915
040 _aDWCL GS lib
_cOC
082 _aFic. B279 2008
100 _aBerry, Dave
245 _aNever A Land Book :
_bBlood Tide
_cDave Berry
260 _a United States
_bHyperion Books / Disney-Hyperion Books
_cc2008.
300 _a148 pages:
_billustrations
_c19cm.
520 _aThe Never Land Books are a series of short, fantastical adventure novels for younger readers written by Dave Barry and Ridley Pearson. Based on the Peter and the Starcatchers universe, these books focus on characters like the Mollusk Island natives, mermaids, and pirates in the adventures of Peter Pan's world.
546 _aEnglish
650 _aChildren's Fantasy
650 _aAdventure
700 _aRidley Pearson
942 _2ddc
_cFIC.
_hFic.
_n0
999 _c9384
_d9384